000 00613nam a2200205Ia 4500
003 GCL
008 140319s9999 xx 000 0 ara d
040 _aGCL /
_cGCL
082 0 4 _a609
_bس ع
100 1 _aاحمد رياض تركى
245 1 0 _aالعلم يعيد بناء العالم /
_cاحمد رياض تركى
700 1 _aمحمد الشحات
700 1 _aستوكلى، جيمس
300 _a403 ص
490 _aالالف كتاب
_v0
650 0 4 _aالعلم والحضارة
650 0 4 _aالاختراعات العلمية
650 0 4 _aالعلم والحياة
942 _2ddc
_cBK
999 _c45755
_d45755